trastornos psicosomaticos en la infancia / (Registro nro. 11355)

Detalles MARC
000 -LIDER
fixed length control field 01102nam a22002897a 4500
001 - NÚMERO DE CONTROL
Identificador de número de control 0011400
003 - IDENTIFICACDOR DE NÚMERO DE CONTROL
control field DO-SdBNP
005 - DATE AND TIME OF LATEST TRANSACTION
control field 20160913155747.0
007 - CAMPOS FIJOS DE DESCRIPCIÓN FÍSICA
fixed length control field 0011400
008 - ELEMENTOS DE LONGITUD FIJA
fixed length control field 160913b 1991 sp||||| |||| 00| 0 spa d
020 ## - ISBN
International Standard Book Number 8478690492
040 ## - FUENTE DE CATALOGACIÓN
Agencia que crea de manera original el registro BPMSU
Idioma de catalogación spa
Agencia que realiza la transcripción BPMSU
092 ## - LOCALLY ASSIGNED DEWEY DECIMAL CALL NUMBER
Número de clasificación xxxxxxxxx
Número de ítem (Cutter) xxxxxxxx
100 1# - ASIENTO PRINCIPAL -- NOMBRE PERSONAL
Nombre personal Díaz Curiel, Juan
245 1# - MENCIÓN DE TITULO
Título trastornos psicosomaticos en la infancia /
Mención de responsabilidad Juan Díaz Curiel ; prólogo José Rallo ; colaboradores Ana Álvarez Cienfuegos, Ignacio Avellanosa Caro, Adela Collado Díaz, Fernando Egea Marcos, Francisco Marti Felipo
260 ## - PUBLICACIÓN, DISTRIBUCIÓN, ETC. (PIE DE IMPRENTA)
Lugar de publicación, distribución, etc Madrid :
Nombre del editor, distribuidor, etc. Ciencias de la Educación Preescolar y Especial,
Fecha de publicación, distribución, etc 1991.
300 ## - DESCRIPCIÓN FÍSICA
Extensión 214 p. :
Otros detalles físicos il.,
Dimensiones 24 cm.
490 1# - MENCIÓN DE SERIES
Mención de serie Salud mental infantil
Volume/sequential designation 1
700 1# - ASIENTO SECUNDARIO -- NOMBRE PERSONAL
Nombre personal Álvarez Cienfuegos, Ana,
Mención de responsabilidad colaborador
700 1# - ASIENTO SECUNDARIO -- NOMBRE PERSONAL
Nombre personal Avellanosa Caro, Ignacio,
Mención de responsabilidad colaborador
700 1# - ASIENTO SECUNDARIO -- NOMBRE PERSONAL
Nombre personal Collado Díaz, Adela,
Mención de responsabilidad colaborador
700 1# - ASIENTO SECUNDARIO -- NOMBRE PERSONAL
Nombre personal Egea Marcos, Fernando,
Mención de responsabilidad colaborador
700 1# - ASIENTO SECUNDARIO -- NOMBRE PERSONAL
Nombre personal Marti Felipo, Fernando,
Mención de responsabilidad colaborador
830 #0 - ASIENTO SECUNDARIO DE SERIE--TÍTULO UNIFORME
Título uniforme Salud mental infantil
Número de la parte o sección de una obra 1
942 ## - ADDED ENTRY ELEMENTS (KOHA)
Source of classification or shelving scheme Dewey Decimal Classification
Koha item type Libros
956 ## - LOCAL ELECTRONIC LOCATION AND ACCESS (OCLC)
Nombre de host BTAVÁREZ
Número de acceso 10
Información de compresión 20161309
Trayectoria 0011400
Existencias
Withdrawn status Lost status Source of classification or shelving scheme Damaged status Not for loan Collection code Home library Current library Date acquired Source of acquisition Total Checkouts Barcode Date last seen Price effective from Koha item type
    Dewey Decimal Classification       Biblioteca Pública Metropolitana Salomé Ureña Biblioteca Pública Metropolitana Salomé Ureña 09/13/2016 Fundi   BPMSU16090238 09/13/2016 09/13/2016 Libros